LIBRARY & INFORMATION CENTRE, KCAET, TAVANUR

ONLINE PUBLIC ACCESS CATALOGUE (OPAC)

Organic chemicals from biomass / (Record no. 10079)

MARC details
000 -LEADER
fixed length control field 00507cam a2200193ua 4500
020 ## - INTERNATIONAL STANDARD BOOK NUMBER
ISBN 0-8493-5531-1
041 ## - LANGUAGE CODE
Language code of text/sound track or separate title eng
082 ## - DEWEY DECIMAL CLASSIFICATION NUMBER
Classification number 621.0423
Item number GOI/OR
100 ## - MAIN ENTRY--AUTHOR NAME
Personal name Goldsetin, Irving S .
245 00 - TITLE STATEMENT
Title Organic chemicals from biomass /
250 ## - EDITION STATEMENT
Edition statement 1 /
260 ## - PUBLICATION, DISTRIBUTION, ETC. (IMPRINT)
Place of publication Bocaratton :
Name of publisher CRC Press Inc. ,
Year of publication 2000.
300 ## - PHYSICAL DESCRIPTION
Number of Pages 218 ; .
500 ## - GENERAL NOTE
General note ** Reference
942 ## - ADDED ENTRY ELEMENTS (KOHA)
Koha item type Books
Holdings
Withdrawn status Lost status Damaged status Home library Current library Date acquired Full call number Accession Number Koha item type
      KAUAET KAUAET 07/04/2012 621.0423 19456 Reference
free website counter